| 000 | 01393nam a2200361 a 4500 | ||
|---|---|---|---|
| 001 | ebr5002677 | ||
| 003 | CaPaEBR | ||
| 006 | m u | ||
| 007 | cr cn||||||||| | ||
| 008 | 930325s1994 enk sb 000 0deng | ||
| 010 | _z 93019320 | ||
| 020 | _z0415073529 (pbk.) | ||
| 040 |
_aCaPaEBR _cCaPaEBR |
||
| 035 | _a(OCoLC)50584099 | ||
| 050 | 1 | 4 |
_aBR756 _b.D665 1994eb |
| 082 | 0 | 4 |
_a274.2/06 _220 |
| 100 | 1 | _aDoran, Susan. | |
| 245 | 1 | 0 |
_aElizabeth I and religion, 1558-1603 _h[electronic resource] / _cSusan Doran. |
| 260 |
_aLondon ; _aNew York : _bRoutledge, _c1994. |
||
| 300 | _axiv, 73 p. | ||
| 490 | 1 | _aLancaster pamphlets | |
| 504 | _aIncludes bibliographical references (p. 71-73). | ||
| 533 |
_aElectronic reproduction. _bPalo Alto, Calif. : _cebrary, _d2013. _nAvailable via World Wide Web. _nAccess may be limited to ebrary affiliated libraries. |
||
| 600 | 0 | 0 |
_aElizabeth _bI, _cQueen of England, _d1533-1603 _xReligion. |
| 650 | 0 |
_aReformation _zEngland. |
|
| 651 | 0 |
_aEngland _xChurch history _y16th century. |
|
| 651 | 0 |
_aEngland _xChurch history _y17th century. |
|
| 651 | 0 |
_aGreat Britain _xHistory _yElizabeth, 1558-1603. |
|
| 655 | 7 |
_aElectronic books. _2local |
|
| 710 | 2 | _aebrary, Inc. | |
| 830 | 0 | _aLancaster pamphlets. | |
| 856 | 4 | 0 |
_uhttp://site.ebrary.com/lib/rucke/Doc?id=5002677 _zAn electronic book accessible through the World Wide Web; click to view |
| 999 |
_c1718 _d1718 |
||